| 000 | 01162 a2200253 4500 | ||
|---|---|---|---|
| 020 | _a0256197164 | ||
| 020 | _a9780256197167 | ||
| 082 | 0 | 4 | _a346.7307 |
| 090 |
_c1009 _d1009 |
||
| 100 | 1 | _aMallor, Jane P. | |
| 245 | 1 | 0 |
_aBusiness law and the regulatory environment / _cJane P. Mallor. |
| 250 | _a10 Sub ed. | ||
| 260 |
_a[S.l.] : _bIrwin/McGraw-Hill, _c1997. |
||
| 300 |
_a1410 p. ; _c26 cm. |
||
| 500 | _aHardcover. | ||
| 520 | _aMallor meets the needs of the two-term business law course. Business majors take the first term and accounting majors usually take the second term in preparation for the CPA exam. Mallor retains the language of the courts. The authors excerpted and edited the cases but did not alter the syntax. Mallor can be easily customized because of digital formatting. | ||
| 700 | 1 | _aBarnes, A. James. | |
| 700 | 1 | _aBowers, Thomas. | |
| 700 | 1 | _aPhillips, Michael J. | |
| 700 | 1 | _aLangvardt, Arlen W. | |
| 856 | 4 | 0 |
_3Amazon.com _uhttp://www.amazon.com/exec/obidos/ASIN/0256197164/chopaconline-20 |
| 856 | 4 | 0 |
_3Amazon customer reviews _uhttp://www.chopac.org/cgi-bin/tools/azrev.pl?q=0256197164 |
| 942 |
_aNBS _cBK _k346.7307 MAL |
||
| 999 |
_c343546 _d343546 |
||